000 00554nam a22001457a 4500
020 _qHard Cover.
082 _a660
245 _aSilencing of the shiga toxin Stx-1 in enterohemorrhagic Escherichia coli O157 (EHEC) via synthetic non-coding RNA: a novel antibacterial approach
_cSaima Shafqat.
260 _aIslamabad :
_bASAB - NUST,
_c2017.
300 _avii, 85 p. : ill. ;
_c30cm.
650 _aIndustrial Biotechnology - MS-Thesis.
_927780
700 _aDr. Fazal Adnan.
_919366
942 _2ddc
_cTHE
999 _c534109
_d534109